000 01065nam a22002057a 4500
005 20240220110952.0
010 _aB-757314-317
020 _a9788196202224
_c395.00
035 _aB-757314-317
037 _bअनन्य प्रकशन
082 _a
100 _aराघव,रांगेय
_962280
245 _aसम्पूर्ण कहानियाँ -6 गदल/
_cरांगेय राघव
250 _a2023
260 _aदिल्ली
_bअनन्य प्रकाशन
_c2023
270 _aई-17, पंचशील गार्डन,नवीन शाहदरा दिल्ली
_bदिल्ली
_e110032
300 _a168पृ.
_c23सेमी(सजिल्द)
942 _2ddc
_cHN
_h
_mराघव
999 _c200347
_d200347